| 000 | 00980nmc a2200361 a 4500 | ||
|---|---|---|---|
| 003 | AR-BaBNM | ||
| 005 | 20251128205142.0 | ||
| 008 | 056019s1994 ||||||||||||||000 | spa|| | ||
| 020 | _a950-602-316-6 | ||
| 040 | _cAR-BaBNM | ||
| 245 | 1 | 0 |
_aRepensando la política tecnológica _bHomenaje a Jorge A. Sábato |
| 260 |
_aBuenos Aires _bNueva Visión _c1994 |
||
| 300 | 0 | _a238 p. | |
| 490 | 0 | _aLa investigación social | |
| 650 | 4 | _aPOLITICA CIENTIFICA | |
| 650 | 4 | _aEDUCACION | |
| 650 | 4 | _aDESARROLLO | |
| 650 | 4 | _aPOLITICA DE DESARROLLO | |
| 650 | 4 | _aTECNOLOGIA | |
| 651 | 4 | _aArgentina | |
| 700 | 1 | _aAlbornoz, Mario | |
| 700 | 1 | _aCiapuscio, Héctor P. | |
| 700 | 1 | _aCorrea, Carlos | |
| 700 | 1 | _aFerraro, Ricardo A. | |
| 700 | 1 | _aFerrer, Aldo | |
| 700 | 1 | _aJaguaribe, Helio | |
| 700 | 1 | _aMartínez Vidal, Carlos | |
| 700 | 1 | _aPetrella, Ricardo | |
| 700 | 1 | _aSábato, Jorge Federico | |
| 700 | 1 | _aSebastián, Jesús | |
| 942 | _cBK | ||
| 998 | _cMARTIN | ||
| 999 |
_c10205 _d10205 |
||